Ont-ils déjà joué avec... Angelina Jolie ? - Statistiques

Statistiques générales
  • Ce quiz a été pris 5 fois
  • Le résultat moyen est 3 sur 10
Answers on the Grid
Answers color-coded by a green-red scale on the quiz's grid according to % correct below.
Samuel Lee Jackson
Gwyneth Paltrow
Ben Affleck
Jennifer Aniston
Clotilde Courau
Pamela Anderson
Barbra Streisand
Omar Sharif
Robert De Niro
John Travolta
Saoirse Ronan
Jim Carrey
Melvil Poupaud
Timothy Dalton
Michael Caine
Cate Blanchett
Sean Connery
Rosana Arquette
Alfredo Molina
Anthony Hopkins
 
Statistiques - réponses
Réponse % Correct
Anthony Hopkins
75%
Sean Connery
75%
Melvil Poupaud
50%
Gwyneth Paltrow
25%
Michael Caine
25%
Robert De Niro
25%
Timothy Dalton
25%
Alfredo Molina
0%
Cate Blanchett
0%
Rosana Arquette
0%
Aucun quiz correspondant
Distribution des résultats
% des personnes avec chaque résultat
Percentile par nombre de réponses
Votre historique - résultats
Vous n’avez pas pris ce quiz